Información general sobre el sistema de régimen académico y los procedimientos

Documento que proporciona información general sobre el sistema del Régimen Académico y su funcionamiento: la forma de ingreso a él, los deberes y derechos de los docentes respecto de ese régimen. El objetivo del trabajo es dar mayor información acerca de los trámites y requisitos que se necesitan ta...

Mô tả đầy đủ

Đã lưu trong:
Chi tiết về thư mục
Tác giả của công ty: UCR. Vicerrectoría de Docencia. Centro de Evaluación Académica
Định dạng: Texto
Được phát hành: San Pedro de M. de O.: UCR. Oficina de Publicaciones
Những chủ đề:
Các nhãn: Thêm thẻ
Không có thẻ, Là người đầu tiên thẻ bản ghi này!

MARC

LEADER 00000 a a2200000 04500
001 13492
003
040
090 |a 025600  
110 |a UCR. Vicerrectoría de Docencia. Centro de Evaluación Académica  
245 |a Información general sobre el sistema de régimen académico y los procedimientos  
260 |a San Pedro de M. de O.:   |b UCR. Oficina de Publicaciones  
300 |a 15 p.  
300 |b **no definido**  
520 |a Documento que proporciona información general sobre el sistema del Régimen Académico y su funcionamiento: la forma de ingreso a él, los deberes y derechos de los docentes respecto de ese régimen. El objetivo del trabajo es dar mayor información acerca de los trámites y requisitos que se necesitan tanto para lograr los ascensos como para ingresar en el sistema. LOB/mb  
650 |a INFORMACION TECNICA  
650 |a TITULOS UNIVERSITARIOS  
650 |a APRENDIZAJE  
650 |a SISTEMAS DE ENSEÑANZA  
650 |a ALUMNOS  
650 |a ASCENSO  
650 |a PUBLICACIONES PERIODICAS  
650 |a UNIVERSIDAD DE COSTA RICA  
650 |a TIEMPO COMPLETO  
650 |a TITULOS UNIVERSITARIOS  
650 |a PUBLICACIONES PERIODICAS  
650 |a IDIOMA  
650 |a PROYECTOS DE EDUCACION  
650 |a EJECUCION DE PROYECTOS  
999 |c 11582  |d 11582